00289 a2200109 4500001000700000020000600007040001100013100002300024240006400047245005900111362000900170170969 a  cMagnum aFeio, Renato Neves10aAnfibios do parque estadual do rio doce (minas gerais)lpor10aAnfibios do parque estadual do rio doce (minas gerais)0 a1899